000 00314nam a2200157Ia 4500
100 _aBawa/H.S
250 _a2
942 _cBK
366 _f25
245 _aWorkshop Practice
260 _bTata Mc Graw hill Ltd.
_c2009
082 _a671
_bBAW
300 _a250
546 _aENGLISH
_cInfo.Tech
999 _c26511
_d26511